[Event "74th ARM-ch Women 2019"]
[Site "Yerevan"]
[Date "2019.01.18"]
[Round "7"]
[White "Khachatryan, Anna"]
[Black "Mkrtchyan, Anahit D."]
[Result "1-0"]
[WhiteElo "2110"]
[BlackElo "1829"]
[Annotator "TA"]
[PlyCount "63"]
[EventDate "2019.01.12"]
[EventType "tourn"]
[EventCountry "ARM"]
[SourceTitle "playchess.com"]
[Source "ChessBase"]
[SourceQuality "1"]

{[%evp 16,63,36,32,68,67,75,71,108,106,110,116,529,512,1128,183,162,153,225,155,134,135,330,158,164,173,448,177,169,169,735,719,1010,994,965,913,5123,3389,29965,29964,6464,6428,5206,3873,29990,29991,29991,29984,6651,5753]} 1. Nf3 Nf6 2. g3 e6 3. Bg2 b6 4. O-O Bb7 5. d4 Be7 6. c4 O-O 7. Re1 Ne4 {E17: Queen's Indian: 4 g3 Bb7 5 Bg2 Be7} (7... a5 8. Bf4 Na6 9. Nc3 Ne4 10. Nd2 Nxc3 11. bxc3 Bxg2 12. Kxg2 Nb8 13. e4 d6 14. Nf3 a4 15. e5 {½-½ (33) Nakamura,H (2781)-Rapport,R (2700) Caleta 2018}) 8. Nfd2 f5 9. d5 {LiveBook: 4 Games} exd5 {White is slightly better.} 10. cxd5 Nd6 $146 (10... Bxd5 $2 11. Nxe4 Bc6 12. Nec3 $18) ({Predecessor:} 10... Qe8 11. Nxe4 fxe4 12. Nc3 Bb4 13. Bd2 Bxc3 14. Bxc3 Qf7 15. Bxe4 Qxf2+ {1-0 (42) Dambacher,M (2490)-Erwich,F (2370) Netherlands 2016}) 11. Nc3 a5 12. e4 fxe4 13. Ndxe4 Nxe4 $4 {[%mdl 8192]} (13... Na6 $16 {is more resistant.}) 14. Bxe4 $18 (14. Rxe4 d6 $11) 14... Bc5 (14... Rf6 $142 15. d6 Bxe4 16. dxe7 (16. Rxe4 Rxd6 17. Qb3+ Kh8 $16) 16... Qxe7) 15. Be3 $2 (15. Qh5 h6 {[#]} 16. Bxh6 $1 {[%mdl 512]}) 15... Qf6 16. Qc2 (16. Qh5 g6 $11) 16... h6 (16... Bxe3 $16 17. Bxh7+ (17. Rxe3 Na6 $16) (17. fxe3 Na6 $14) 17... Kh8 18. Rxe3 Na6) 17. Bxc5 bxc5 18. d6 Nc6 $2 (18... Bxe4 $16 19. Nxe4 {[%mdl 64] Discovered Attack} Qf5) 19. Qb3+ ({Not} 19. dxc7 Nd4 $16) (19. Nd5 $18 {is the precise move to win.} Qxd6 20. Qb3) 19... Kh8 $16 20. Qxb7 Qxf2+ 21. Kh1 Rab8 22. Qa6 Qxb2 $2 (22... Rxb2 23. Re2 Rxe2 24. Qxe2 (24. Nxe2 Qe3 $16) 24... Qxe2 25. Nxe2 cxd6) 23. dxc7 $18 Ra8 24. Qd3 Rf2 25. Ne2 Ne5 26. Bxa8 Nxd3 27. c8=Q+ {[%mdl 64] [#] Double Attack} Kh7 28. Be4+ {[%mdl 64] Double Attack} g6 29. Qxd7+ Kh8 30. Qe8+ {[%mdl 64] Double Attack} Kg7 31. Qxg6+ Kf8 32. Bxd3 {Accuracy: White = 57%, Black = 27%.} 1-0

[Event "74th ARM-ch Women 2019"]
[Site "Yerevan"]
[Date "2019.01.18"]
[Round "7"]
[White "Avetisyan, Mariam"]
[Black "Hakobyan, Astghik"]
[Result "1/2-1/2"]
[WhiteElo "2106"]
[BlackElo "1776"]
[Annotator "NA"]
[PlyCount "86"]
[EventDate "2019.01.12"]
[EventType "tourn"]
[EventCountry "ARM"]
[SourceTitle "playchess.com"]
[Source "ChessBase"]
[SourceQuality "1"]
[TimeControl "40/5400+30:1800+30"]

1. d4 {[%emt 0:00:00]} Nf6 {[%emt 0:00:00]} 2. Nf3 {[%emt 0:00:00]} e6 {[%emt 0:00:00]} 3. g3 {[%emt 0:00:00]} b6 {[%emt 0:00:00]} 4. Bg2 {[%emt 0:00:02]} Bb7 {[%emt 0:00:00]} 5. O-O {[%emt 0:00:06]} Be7 {[%emt 0:00:00]} 6. c4 {[%emt 0:00:03]} O-O {[%emt 0:00:02]} 7. Nc3 {[%emt 0:00:07]} Ne4 {[%emt 0:00:09]} 8. Bd2 {[%emt 0:00:05]} f5 {[%emt 0:00:07]} 9. Ne5 {[%emt 0:00:05]} Nxc3 {[%emt 0:03:02]} 10. Bxc3 {[%emt 0:00:20]} Bxg2 {[%emt 0:00:07]} 11. Kxg2 {[%emt 0:00:05]} d6 {[%emt 0:01:03]} 12. Nd3 {[%emt 0:00:13]} Bf6 {[%emt 0:01:02]} 13. Nf4 {[%emt 0:01:02]} Qe7 {[%emt 0:03:20]} 14. d5 {[%emt 0:17:57]} Bxc3 {[%emt 0:04:47]} 15. bxc3 {[%emt 0:01:01]} e5 {[%emt 0:01:59]} 16. Ne6 {[%emt 0:00:08]} Rf6 {[%emt 0:00:47]} 17. Qa4 {[%emt 0:10:19]} a5 {[%emt 0:06:35]} 18. f4 {[%emt 0:29:43]} exf4 {[%emt 0:04:28]} 19. Rxf4 {[%emt 0:04:41]} Na6 {[%emt 0:05:36]} 20. Qc6 {[%emt 0:02:18]} Re8 {[%emt 0:00:45]} 21. e4 {[%emt 0:03:14]} Nb8 {[%emt 0:23:48]} 22. Qa4 {[%emt 0:08:57]} fxe4 {[%emt 0:04:28]} 23. Rxe4 {[%emt 0:05:19]} Qd7 {[%emt 0:00:57]} 24. Qc2 {[%emt 0:02:27]} Qc8 {[%emt 0:08:38]} 25. Rae1 {[%emt 0:03:47]} Nd7 {[%emt 0:02:05]} 26. Rf4 {[%emt 0:06:29]} Rxf4 {[%emt 0:04:45]} 27. gxf4 {[%emt 0:00:03]} Nf6 {[%emt 0:04:24]} 28. Kh1 {[%emt 0:00:11]} Re7 {[%emt 0:02:46]} 29. Qg2 {[%emt 0:03:08]} Qd7 {[%emt 0:07:05]} 30. Rg1 {[%emt 0:01:09]} Rf7 {[%emt 0:01:24]} 31. f5 {[%emt 0:00:33]} Qe7 {[%emt 0:00:57]} 32. Qf3 {[%emt 0:00:54]} Nd7 {[%emt 0:02:36]} 33. Qh5 {[%emt 0:00:42]} Nf6 {[%emt 0:01:30]} 34. Qh3 {[%emt 0:00:38]} Ne4 {[%emt 0:01:29]} 35. Qf3 {[%emt 0:00:51]} Qh4 {[%emt 0:02:40]} 36. Nd4 {[%emt 0:00:24]} Ng5 {[%emt 0:01:45]} 37. Qe3 {[%emt 0:00:48]} Qe4+ {[%emt 0:01:09]} 38. Qxe4 {[%emt 0:00:03]} Nxe4 {[%emt 0:00:02]} 39. Re1 {[%emt 0:00:47]} Nxc3 {[%emt 0:01:19]} 40. Re8+ {[%emt 0:00:00]} Rf8 {[%emt 0:00:00]} 41. Re7 {[%emt 0:03:44]} Rf7 {[%emt 0:04:33]} 42. Re8+ {[%emt 0:00:51]} Rf8 {[%emt 0:00:04]} 43. Re7 {[%emt 0:00:27]} Rf7 {[%emt 0:00:44]} 1/2-1/2

[Event "74th ARM-ch Women 2019"]
[Site "Yerevan"]
[Date "2019.01.18"]
[Round "7"]
[White "Grigoryan, Arpine"]
[Black "Mkrtchyan, Mariam"]
[Result "0-1"]
[WhiteElo "1962"]
[BlackElo "2098"]
[Annotator "NA"]
[PlyCount "194"]
[EventDate "2019.01.12"]
[EventType "tourn"]
[EventCountry "ARM"]
[SourceTitle "playchess.com"]
[Source "ChessBase"]
[SourceQuality "1"]
[TimeControl "40/5400+30:1800+30"]

1. e4 {[%emt 0:00:00]} c6 {[%emt 0:00:00]} 2. d4 {[%emt 0:00:05]} d5 {[%emt 0:00:00]} 3. Nc3 {[%emt 0:00:06]} dxe4 {[%emt 0:00:00]} 4. Nxe4 {[%emt 0:00:16]} Nf6 {[%emt 0:00:00]} 5. Nxf6+ {[%emt 0:00:07]} exf6 {[%emt 0:00:02]} 6. c3 {[%emt 0:00:19]} Bd6 {[%emt 0:00:14]} 7. Bd3 {[%emt 0:00:16]} O-O {[%emt 0:00:25]} 8. Qc2 {[%emt 0:00:24]} h6 {[%emt 0:00:23]} 9. Ne2 {[%emt 0:00:22]} Re8 {[%emt 0:00:13]} 10. O-O {[%emt 0:01:12]} Qc7 {[%emt 0:00:04]} 11. Ng3 {[%emt 0:04:05]} Nd7 {[%emt 0:04:25]} 12. Be3 {[%emt 0:11:51]} Nf8 {[%emt 0:04:38]} 13. Rae1 {[%emt 0:11:04]} Bg4 {[%emt 0:08:07]} 14. Bf5 {[%emt 0:13:08]} h5 {[%emt 0:11:35]} 15. Bxg4 {[%emt 0:24:02]} hxg4 {[%emt 0:00:20]} 16. Qf5 {[%emt 0:00:17]} Qc8 {[%emt 0:04:12]} 17. Qxc8 {[%emt 0:00:10]} Raxc8 {[%emt 0:00:06]} 18. Nf5 {[%emt 0:00:15]} Bb8 {[%emt 0:04:36]} 19. Bc1 {[%emt 0:01:47]} Ng6 {[%emt 0:06:58]} 20. g3 {[%emt 0:08:36]} Re6 {[%emt 0:11:08]} 21. Re3 {[%emt 0:00:16]} Rce8 {[%emt 0:05:54]} 22. Rfe1 {[%emt 0:00:13]} Kh7 {[%emt 0:05:04]} 23. b3 {[%emt 0:02:15]} Nf8 {[%emt 0:03:25]} 24. Ba3 {[%emt 0:00:30]} g6 {[%emt 0:02:53]} 25. Ne7 {[%emt 0:01:25]} Rd8 {[%emt 0:07:34]} 26. d5 {[%emt 0:05:05]} cxd5 {[%emt 0:03:05]} 27. Nxd5 {[%emt 0:00:06]} Rxd5 {[%emt 0:01:00]} 28. Bxf8 {[%emt 0:00:05]} Rxe3 {[%emt 0:04:17]} 29. Rxe3 {[%emt 0:00:35]} Be5 {[%emt 0:00:13]} 30. a4 {[%emt 0:03:14]} Rd2 {[%emt 0:02:06]} 31. Bb4 {[%emt 0:04:58]} Rb2 {[%emt 0:04:02]} 32. Rd3 {[%emt 0:00:45]} Rxb3 {[%emt 0:00:09]} 33. Rd7 {[%emt 0:00:05]} Kg8 {[%emt 0:01:03]} 34. a5 {[%emt 0:04:13]} a6 {[%emt 0:02:49]} 35. Rd3 {[%emt 0:00:44]} Kg7 {[%emt 0:00:32]} 36. Kf1 {[%emt 0:02:19]} g5 {[%emt 0:01:41]} 37. Kg2 {[%emt 0:00:49]} Kg6 {[%emt 0:00:31]} 38. h3 {[%emt 0:00:28]} gxh3+ {[%emt 0:00:43]} 39. Kxh3 {[%emt 0:00:03]} Kf5 {[%emt 0:02:00]} 40. Rd7 {[%emt 0:00:00]} Kg6 {[%emt 0:00:00]} 41. Rd3 {[%emt 0:03:36]} f5 {[%emt 0:08:02]} 42. Rd7 {[%emt 0:08:33]} g4+ {[%emt 0:08:35]} 43. Kg2 {[%emt 0:00:11]} Bxc3 {[%emt 0:00:27]} 44. Bxc3 {[%emt 0:00:20]} Rxc3 {[%emt 0:00:03]} 45. Rxb7 {[%emt 0:00:04]} Rc6 {[%emt 0:00:15]} 46. Rb6 {[%emt 0:03:20]} Re6 {[%emt 0:00:44]} 47. f4 {[%emt 0:00:47]} gxf3+ {[%emt 0:04:20]} 48. Kxf3 {[%emt 0:00:10]} Kg5 {[%emt 0:00:10]} 49. Kf2 {[%emt 0:05:38]} f4 {[%emt 0:05:01]} 50. Kf3 {[%emt 0:02:45]} fxg3 {[%emt 0:01:11]} 51. Kxg3 {[%emt 0:00:25]} Kf5 {[%emt 0:00:25]} 52. Kf3 {[%emt 0:01:28]} Ke5 {[%emt 0:00:30]} 53. Rb7 {[%emt 0:00:44]} f6 {[%emt 0:02:34]} 54. Rb1 {[%emt 0:00:55]} Rc6 {[%emt 0:01:05]} 55. Re1+ {[%emt 0:02:46]} Kf5 {[%emt 0:00:42]} 56. Rh1 {[%emt 0:01:03]} Rc3+ {[%emt 0:00:21]} 57. Ke2 {[%emt 0:00:05]} Kg6 {[%emt 0:01:26]} 58. Rg1+ {[%emt 0:00:56]} Kf7 {[%emt 0:00:19]} 59. Rh1 {[%emt 0:00:17]} Rc5 {[%emt 0:00:08]} 60. Ra1 {[%emt 0:00:27]} Rd5 {[%emt 0:00:25]} 61. Ke3 {[%emt 0:01:13]} Ke6 {[%emt 0:00:27]} 62. Ke4 {[%emt 0:01:57]} Rb5 {[%emt 0:01:55]} 63. Ra4 {[%emt 0:01:02]} Re5+ {[%emt 0:01:24]} 64. Kf4 {[%emt 0:00:40]} Kd6 {[%emt 0:00:31]} 65. Ra1 {[%emt 0:02:23]} Rd5 {[%emt 0:01:50]} 66. Ke4 {[%emt 0:01:34]} f5+ {[%emt 0:00:28]} 67. Kf4 {[%emt 0:00:17]} Kc6 {[%emt 0:00:34]} 68. Rh1 {[%emt 0:00:54]} Kb5 {[%emt 0:01:08]} 69. Ra1 {[%emt 0:00:06]} Kb4 {[%emt 0:01:07]} 70. Ra2 {[%emt 0:00:31]} Kb3 {[%emt 0:01:10]} 71. Ra1 {[%emt 0:00:09]} Kb2 {[%emt 0:00:34]} 72. Ra4 {[%emt 0:00:07]} Rb5 {[%emt 0:00:28]} 73. Kg5 {[%emt 0:01:32]} Kb3 {[%emt 0:00:16]} 74. Ra1 {[%emt 0:00:05]} Kb4 {[%emt 0:00:07]} 75. Kf4 {[%emt 0:00:04]} Rxa5 {[%emt 0:00:52]} 76. Rb1+ {[%emt 0:00:05]} Kc4 {[%emt 0:01:12]} 77. Rb6 {[%emt 0:00:15]} Kc3 {[%emt 0:00:32]} 78. Kg5 {[%emt 0:00:46]} Kd4 {[%emt 0:00:30]} 79. Kf4 {[%emt 0:00:04]} Ra1 {[%emt 0:00:30]} 80. Kxf5 {[%emt 0:00:11]} a5 {[%emt 0:00:17]} 81. Rd6+ {[%emt 0:01:35]} Kc5 {[%emt 0:00:05]} 82. Ra6 {[%emt 0:00:09]} Kb5 {[%emt 0:00:03]} 83. Ra8 {[%emt 0:00:04]} Re1 {[%emt 0:00:03]} 84. Rb8+ {[%emt 0:00:35]} Ka4 {[%emt 0:00:06]} 85. Kf4 {[%emt 0:00:09]} Ka3 {[%emt 0:00:07]} 86. Kf3 {[%emt 0:00:14]} a4 {[%emt 0:00:09]} 87. Kf2 {[%emt 0:00:23]} Re7 {[%emt 0:00:05]} 88. Kf3 {[%emt 0:01:11]} Ka2 {[%emt 0:00:26]} 89. Kf2 {[%emt 0:00:57]} a3 {[%emt 0:00:53]} 90. Rb6 {[%emt 0:00:06]} Ka1 {[%emt 0:00:36]} 91. Rb3 {[%emt 0:00:23]} a2 {[%emt 0:01:42]} 92. Rb8 {[%emt 0:00:06]} Rc7 {[%emt 0:00:30]} 93. Ke2 {[%emt 0:00:12]} Rc1 {[%emt 0:00:02]} 94. Kd2 {[%emt 0:00:27]} Rb1 {[%emt 0:00:03]} 95. Rh8 {[%emt 0:00:27]} Kb2 {[%emt 0:00:04]} 96. Rb8+ {[%emt 0:00:04]} Ka3 {[%emt 0:00:04]} 97. Ra8+ {[%emt 0:02:49]} Kb3 {[%emt 0:00:06]} 0-1

[Event "74th ARM-ch Women 2019"]
[Site "Yerevan"]
[Date "2019.01.19"]
[Round "8"]
[White "Gaboyan, Susanna"]
[Black "Avetisyan, Mariam"]
[Result "1/2-1/2"]
[WhiteElo "2111"]
[BlackElo "2106"]
[Annotator "NA RC"]
[PlyCount "124"]
[EventDate "2019.01.12"]
[EventType "tourn"]
[EventCountry "ARM"]
[SourceTitle "playchess.com"]
[Source "ChessBase"]
[SourceQuality "1"]
[TimeControl "40/5400+30:1800+30"]

1. Nf3 {[%emt 0:00:43]} Nf6 {[%emt 0:00:00]} 2. g3 {[%emt 0:00:06]} e6 {[%emt 0:00:55]} 3. Bg2 {[%emt 0:00:06]} Be7 {[%emt 0:00:18]} 4. O-O {[%emt 0:00:38]} d5 {[%emt 0:00:29]} 5. d4 {[%emt 0:00:19]} O-O {[%emt 0:00:23]} 6. c4 {[%emt 0:00:46]} dxc4 {[%emt 0:00:25]} 7. Qc2 {[%emt 0:04:09]} a6 {[%emt 0:00:17]} 8. Qxc4 {[%emt 0:02:24]} b5 {[%emt 0:00:08]} 9. Qc2 {[%emt 0:01:35]} Bb7 {[%emt 0:00:12]} 10. Nc3 {[%emt 0:03:16]} Nbd7 {[%emt 0:09:17]} 11. Bf4 {[%emt 0:14:34]} c5 {[%emt 0:07:57]} 12. Rad1 {[%emt 0:06:39]} b4 {[%emt 0:09:37]} 13. Na4 {[%emt 0:01:16]} Be4 {[%emt 0:01:14]} 14. Qc1 {[%emt 0:06:35]} cxd4 {[%emt 0:09:48]} 15. Rxd4 {[%emt 0:01:09]} Qa5 {[%emt 0:02:02]} 16. b3 {[%emt 0:04:09]} Rac8 {[%emt 0:04:37]} 17. Rc4 {[%emt 0:01:36]} Rxc4 {[%emt 0:03:01]} 18. Qxc4 {[%emt 0:00:04]} Bd5 {[%emt 0:03:34]} 19. Qc2 {[%emt 0:03:22]} Be4 {[%emt 0:02:58]} 20. Qc4 {[%emt 0:01:50]} Bd5 {[%emt 0:01:58]} 21. Qc1 {[%emt 0:00:04]} Nc5 {[%emt 0:09:02]} 22. Nxc5 {[%emt 0:00:36]} Bxc5 {[%emt 0:00:07]} 23. Qb2 {[%emt 0:01:15]} Ne4 {[%emt 0:06:52]} 24. Ne5 {[%emt 0:05:21]} Nc3 {[%emt 0:03:34]} 25. Bxd5 {[%emt 0:02:23]} exd5 {[%emt 0:02:17]} 26. Rc1 {[%emt 0:07:31]} Re8 {[%emt 0:05:59]} 27. Rxc3 {[%emt 0:06:21]} bxc3 {[%emt 0:00:28]} 28. Qc2 {[%emt 0:00:03]} Bd4 {[%emt 0:05:16]} 29. Nd3 {[%emt 0:01:33]} Qb6 {[%emt 0:00:43]} 30. Bc1 {[%emt 0:03:23]} Qg6 {[%emt 0:01:57]} 31. Qd1 {[%emt 0:07:21]} Qe4 {[%emt 0:02:02]} 32. e3 {[%emt 0:00:08]} Bb6 {[%emt 0:01:36]} 33. Qe2 {[%emt 0:03:18]} d4 {[%emt 0:01:52]} 34. f3 {[%emt 0:00:09]} Qe7 {[%emt 0:00:14]} 35. e4 {[%emt 0:00:07]} a5 {[%emt 0:01:06]} 36. Kg2 {[%emt 0:01:02]} Bc7 {[%emt 0:00:45]} 37. Qf2 {[%emt 0:02:04]} Rd8 {[%emt 0:00:08]} 38. g4 {[%emt 0:01:41]} Qe6 {[%emt 0:00:58]} 39. h4 {[%emt 0:00:40]} Qa6 {[%emt 0:00:40]} 40. Qc2 {[%emt 0:00:00]} Bd6 {[%emt 0:00:00]} 41. h5 {[%emt 0:00:54]} Rb8 {[%emt 0:05:05]} 42. h6 {[%emt 0:03:07]} a4 {[%emt 0:12:47]} 43. hxg7 {[%emt 0:01:15]} axb3 {[%emt 0:00:07]} 44. axb3 {[%emt 0:00:03]} Qb5 {[%emt 0:00:25]} 45. Qe2 {[%emt 0:03:04]} Be5 {[%emt 0:09:27]} 46. f4 {[%emt 0:04:30]} Bxg7 {[%emt 0:00:04]} 47. e5 {[%emt 0:00:09]} Qxb3 {[%emt 0:02:17]} 48. f5 {[%emt 0:00:13]} Re8 {[%emt 0:05:17]} 49. Qe4 {[%emt 0:10:25]} Qa4 {[%emt 0:01:42]} 50. Kg3 {[%emt 0:01:23]} Qd1 {[%emt 0:01:13]} 51. Bf4 {[%emt 0:01:03]} Qg1+ {[%emt 0:00:26]} 52. Kh3 {[%emt 0:00:32]} Qf1+ {[%emt 0:00:41]} 53. Kg3 {[%emt 0:00:50]} Qg1+ {[%emt 0:01:11]} 54. Kh3 {[%emt 0:00:26]} Qf1+ {[%emt 0:00:45]} 55. Kg3 {[%emt 0:00:32]} c2 {[%emt 0:00:00]} 56. Qxd4 {[%emt 0:01:40]} Qd1 {[%emt 0:01:03]} 57. Qd7 {[%emt 0:02:18]} Ra8 {[%emt 0:00:33]} 58. e6 {[%emt 0:01:18]} fxe6 {[%emt 0:00:07]} 59. fxe6 {[%emt 0:01:19]} Qg1+ {[%emt 0:00:08]} 60. Kh3 {[%emt 0:00:24]} Qh1+ {[%emt 0:00:04]} 61. Kg3 {[%emt 0:00:06]} Qg1+ {[%emt 0:00:05]} 62. Kh3 {[%emt 0:00:04]} Qd4 1/2-1/2

[Event "74th ARM-ch Women 2019"]
[Site "Yerevan"]
[Date "2019.01.19"]
[Round "8"]
[White "Mkrtchyan, Mariam"]
[Black "Gevorgyan, Maria"]
[Result "1/2-1/2"]
[WhiteElo "2098"]
[BlackElo "2228"]
[Annotator "TA RC"]
[PlyCount "63"]
[EventDate "2019.01.12"]
[EventType "tourn"]
[EventCountry "ARM"]
[SourceTitle "playchess.com"]
[Source "ChessBase"]
[SourceQuality "1"]

{[%evp 14,63,0,0,0,0,0,0,0,0,0,-21,-6,-90,-14,-14,-14,-14,-18,-21,-22,-63,-65,-88,-92,-91,-94,-96,-75,-85,-81,-93,-89,-101,-99,-98,-64,-57,-62,-60,-65,-41,-10,-10,-8,-13,0,0,0,-10,0,0]} 1. d4 Nf6 2. g3 g6 3. Bg2 Bg7 4. Nf3 c5 5. d5 d6 6. O-O b5 7. c4 bxc4 8. Nfd2 {LiveBook: 18 Games. E60: King's Indian: Unusual lines and Fianchetto Variation without Nc3} Nbd7 {[%cal Bb8d7,Bd7b6,Bb6a4,Ba4c3][%mdl 32]} (8... O-O 9. Nxc4 a5 10. a4 Na6 11. Bd2 Nb4 12. Bc3 Bb7 13. e4 Qc7 14. Nba3 Ba6 15. Re1 Nd7 16. Bxg7 Kxg7 {1-0 (57) Inarkiev,E (2660)-Lagno,K (2523) Moscow 2015}) 9. Nxc4 Rb8 10. Bd2 Ba6 11. Nba3 O-O 12. Bc3 Nb6 13. Na5 {[#]} (13. Nxb6 $11 Qxb6 14. b3) 13... Qd7 (13... Qc7 $1 $17 {Strongly threatening ...Nbxd5!} 14. Nc6 Rbc8) 14. Re1 $11 e6 $146 {[%mdl 2048] White is under pressure.} ({Predecessor:} 14... Na4 15. Nc6 Nxc3 16. Nxb8 Nxd1 17. Nxd7 Nxd7 18. Raxd1 Bxb2 {0-1 (32) Lebredo Zarragoitia,G (2395)-Matamoros Franco,C (2395) Camaguey 1987}) 15. e4 exd5 16. exd5 Rbe8 17. Nc2 Na4 18. Qd2 Nxc3 19. bxc3 Qa4 20. Nc6 Ne4 21. Bxe4 Rxe4 22. Rxe4 Qxe4 23. Ne3 Re8 24. Re1 {[#] Black must now prevent Ng2.} Qd3 25. Qxd3 Bxd3 26. Rd1 Be2 27. Rd2 Bf3 28. c4 {The position is equal.} a6 29. Rd3 Be2 30. Rd2 Bf3 31. Rd3 Be2 32. Rd2 {Precision: White = 73%, Black = 69%.} 1/2-1/2

[Event "74th ARM-ch Women 2019"]
[Site "Yerevan"]
[Date "2019.01.19"]
[Round "8"]
[White "Grigoryan, Arpine"]
[Black "Ghukasyan, Siranush"]
[Result "1/2-1/2"]
[WhiteElo "1962"]
[BlackElo "2226"]
[Annotator "TA"]
[PlyCount "90"]
[EventDate "2019.01.12"]
[EventType "tourn"]
[EventCountry "ARM"]
[SourceTitle "playchess.com"]
[Source "ChessBase"]
[SourceQuality "1"]

{[%evp 26,90,8,17,37,20,39,48,59,25,79,68,105,92,121,114,131,138,142,149,175,172,168,162,201,199,185,107,114,113,113,78,130,73,73,73,73,73,73,81,81,81,172,142,187,156,128,108,110,84,117,117,117,117,117,117,121,78,78,78,78,78,78,0,78,0,102]} 1. e4 e5 2. Nf3 Nc6 3. Bb5 a6 4. Ba4 Nf6 5. O-O Be7 6. d3 b5 7. Bb3 d6 8. a3 O-O 9. Nc3 Be6 {C77: Ruy Lopez: 3...a6 4 Ba4 Nf6, unusual lines} (9... Na5 10. Ba2 Be6 11. b4 Bxa2 12. Rxa2 Nc6 13. Bg5 Ng4 14. Bd2 Nf6 15. Re1 Qd7 16. Nd5 Nxd5 17. exd5 {½-½ (30) Naiditsch,A (2721)-Wojtaszek,R (2727) Douglas 2018}) 10. Nd5 Nd4 11. Nxd4 exd4 12. Nxe7+ Qxe7 13. Bg5 Bxb3 14. cxb3 {LiveBook: 5 Games} Qe6 15. f4 Nd7 16. f5 Qe5 17. Qc1 Nc5 $146 (17... Rfc8 $11) 18. Qc2 $16 Ra7 19. Bf4 Qe7 20. b4 $36 {[%mdl 2048] White is on the roll.} Nd7 21. Qf2 Qf6 22. Rac1 Ne5 {[#]} 23. Qg3 $1 h6 24. Bxe5 Qxe5 25. Qxe5 dxe5 $18 {[%mdl 4096] Endgame [#] KRR-KRR} 26. f6 ({White should play} 26. Rc5 $1 $18) 26... g6 27. Rc6 Re8 28. Rfc1 Re6 ({Better is} 28... g5) 29. R1c5 (29. h4 $142) 29... Rb7 $16 30. Rxe6 fxe6 31. Rxe5 {KR-KR} Kf7 32. Rc5 {Black must now prevent e5.} Kxf6 33. Kf2 Rb6 (33... Ra7 $16 {keeps fighting.}) 34. Rxc7 e5 35. Rc5 Ke6 36. Ke2 Kd6 37. Rc1 Rc6 38. Rxc6+ Kxc6 {KP-KP} 39. Kf3 Kd6 40. Kg4 Ke6 41. h4 Kf6 42. h5 g5 43. Kf3 Ke6 44. Kg4 Kf6 45. Kf3 Ke6 {Accuracy: White = 42%, Black = 41%.} 1/2-1/2

[Event "74th ARM-ch Women 2019"]
[Site "Yerevan"]
[Date "2019.01.19"]
[Round "8"]
[White "Hakobyan, Astghik"]
[Black "Khachatryan, Anna"]
[Result "1/2-1/2"]
[WhiteElo "1776"]
[BlackElo "2110"]
[Annotator "TA"]
[PlyCount "111"]
[EventDate "2019.01.12"]
[EventType "tourn"]
[EventCountry "ARM"]
[SourceTitle "playchess.com"]
[Source "ChessBase"]
[SourceQuality "1"]

{[%evp 10,111,0,0,8,12,8,-6,16,0,-2,-6,1,-3,0,0,27,2,35,35,42,2,12,-43,-6,-12,18,29,23,9,13,8,27,25,27,36,37,26,211,223,211,222,212,110,125,120,127,95,93,18,54,46,72,77,51,29,39,16,13,9,6,-137,-143,-121,-150,-148,-142,-124,-111,-153,-134,-111,-8,-8,-8,-8,-8,-8,-8,-8,-8,-8,-8,-8,-8,-8,-8,-8,-8,-8,-8,-8,-8,-8,-8,-8,-8,-8,-8,-8,-8,-8,-8,-8]} 1. e4 c5 2. Nf3 Nc6 3. d4 cxd4 4. Nxd4 e5 5. Nb3 Nf6 6. Bc4 Bb4+ {B32: Sicilian: Löwenthal and Kalashnikov Variations} (6... Be7 7. O-O O-O 8. Nc3 a6 9. Be3 d6 10. f3 Be6 11. Bd5 Rc8 12. Qd2 b5 13. Rfd1 Qc7 14. Rac1 Bxd5 15. exd5 Nb8 16. a4 Qd7 17. axb5 axb5 {1-0 (45) Makarenko,A (2251)-Mirzoeva,E (2329) Satka 2017}) 7. c3 Be7 8. O-O (8. Qd3 {keeps more tension.} O-O 9. O-O d6 10. Rd1 Qc7 11. Bg5) 8... O-O 9. Qc2 $146 ({Predecessor:} 9. Bd5 d6 10. h3 Nxd5 11. exd5 Nb8 12. c4 Bg5 13. Nc3 Na6 14. f4 Bxf4 15. Bxf4 exf4 16. Rxf4 {1-0 (24) Moss,G (2158)-Taylor,A (2146) Telford 2018}) 9... d6 10. Bg5 Ng4 11. Bxe7 Qxe7 12. N1d2 Kh8 13. h3 Nh6 14. Rad1 f5 15. exf5 Bxf5 16. Bd3 (16. Ne4 $11) 16... Be6 17. c4 Qh4 (17... Rac8 {is more complex.} 18. Qc3 Nf5 19. Nf3 Qf6 20. Nbd2 Ncd4) 18. Be4 $36 {[%mdl 2048] White has some pressure.} Bf5 19. Bxf5 Nxf5 20. Qe4 Qe7 21. Nf3 Rad8 22. Rd2 Nh6 23. Re1 Rf4 $2 {[#]} (23... Nf5 $11 {and Black is okay.}) 24. Qxf4 $3 $18 {[%mdl 512]} exf4 25. Rxe7 Nxe7 {[#]} 26. Nfd4 (26. Nc5 $1 $18 {[%mdl 512]}) 26... Nhf5 27. Nxf5 Nxf5 $16 {[%mdl 4096] Endgame KRN-KRN} 28. Rd5 g6 29. Nc5 (29. Nd4 $16) 29... b6 30. Ne4 Kg7 31. Kf1 h6 32. a4 Kf7 33. a5 Ke6 34. axb6 axb6 35. b4 (35. Nc3 $11) 35... Rc8 $17 36. Nd2 {[#]} Rxc4 $1 {[%mdl 512]} 37. Nxc4 Kxd5 38. Nxb6+ {KN-KN} Kc6 39. Na4 Kb5 40. Nc3+ {[#]} Kxb4 ({Better is} 40... Kc4 $1 $17 {[%cal Rc4c3]} 41. Ne2 g5) 41. Nd5+ $11 {The position is equal.} Kc4 42. Nxf4 g5 43. Nh5 d5 44. g4 Nd6 {Strongly threatening ...d4.} 45. f4 Kd3 {White should prevent ...d4.} 46. fxg5 hxg5 47. Ng3 Nc4 {Black wants to play ...d4.} 48. Nf5 $1 d4 49. Kf2 Ne5 {With the idea ...Kc3.} 50. h4 gxh4 51. Nxh4 Kc2 52. Ng2 Nxg4+ 53. Kf3 Nf6 54. Nf4 Kd1 55. Ne6 d3 56. Nc5 {Precision: White = 60%, Black = 45%.} 1/2-1/2